Sports Quiz

Random Sports or NCAA Quiz

NCAA Bowl Games (2008) Quiz Stats

 Plays Quiz Updated Feb 3, 2019

Support Sporcle.
Go Orange.
Score 0/34 Timer 07:00
2 Plays Today
Date Bowl Name % Correct
1/1/09Rose Bowl
94.9%
1/1/09Orange Bowl
90.8%
1/6/09Fiesta Bowl
85.8%
1/2/09Sugar Bowl
84.2%
1/2/09Cotton Bowl
69.5%
1/1/09Gator Bowl
52%
1/8/09BCS Championship
51.9%
1/1/09Capital One Bowl
43.1%
1/1/09Outback Bowl
42.8%
12/31/08Sun Bowl
42.6%
12/29/08Alamo Bowl
40.6%
12/24/08Hawai'i Bowl
39.9%
12/30/08Holiday Bowl
39.4%
12/31/08Chick-fil-A Bowl
39%
12/31/08Music City Bowl
35.9%
12/26/08Motor City Bowl
35.6%
12/30/08Texas Bowl
31.8%
Date Bowl Name % Correct
1/3/09International Bowl
30.5%
1/2/09Liberty Bowl
30.2%
12/28/08Independence Bowl
29.4%
1/6/09GMAC Bowl
29.3%
12/29/08PapaJohns.com Bowl
29.3%
12/31/08Armed Forces Bowl
28.3%
12/30/08Humanitarian Bowl
27%
12/27/08Emerald Bowl
26.9%
12/23/08Poinsettia Bowl
24.5%
12/20/08Las Vegas Bowl
24.3%
12/21/08New Orleans Bowl
21.7%
12/27/08Meineke Car Care Bowl
21.5%
12/31/08Insight Bowl
21%
12/27/08Champs Sports
20.2%
12/20/08New Mexico Bowl
17.5%
12/20/08EagleBank Bowl
10.6%
12/20/08St. Petersburg Bowl
10.6%

From the Vault

Brownlow Medalists

by Derek

Sports 8m
Australian rules football is the most popular spectator sport in Australia and every time I watch it all I can think is...ouch!
Remove Ads.
Support Sporcle.
Get the best of Sporcle when you Go Orange. This ad-free experience offers more features, more stats, and more fun while also helping to support Sporcle. Thank you for becoming a member.

Show Comments

Extras

Top Quizzes Today


Score Distribution

Your Account Isn't Verified!

In order to create a playlist on Sporcle, you need to verify the email address you used during registration. Go to your Sporcle Settings to finish the process.

Report this User

Report this user for behavior that violates our Community Guidelines.

Details: